[Event "Challenge"]
[Site "http://www.queenalice.com/game.php?id=887288"]
[Date "2011.1.17"]
[Round "-"]
[White "Alanzao"]
[Black "ro_reinert"]
[Result "1-0"]
[WhiteElo "1074"]
[BlackElo "972"]

1. e3 e5 2. Qf3 Nf6 3. Ne2 Be7 4. Ng3 O-O 5. Bc4 d5 6. Bd3 Nbd7 7. O-O e4 8.
Bxe4 dxe4 9. Qf4 Bd6 10. Qh4 c5 11. Nxe4 Be7 12. b3 g6 13. Ba3 b6 14. Nbc3 Ba6
15. d3 Ne5 16. d4 Neg4 17. dxc5 b5 18. f3 Bb7 19. Nxb5 a6 20. Nbc3 Nxe3 21. Rfe1
Nxc2 22. Rad1 Nxa3 23. Rxd8 Raxd8 24. Nxf6+ Kg7 25. Nxh7 Rfe8 26. Rxe7 Bc6 27.
Ra7 Rh8 28. b4 Rd3 29. Ne2 Rxh7 30. Qe7 Rd1+ 31. Kf2 Bb5 32. Qxf7+ Kh6 33. Qxh7+
Kg5 34. Rg7 Bd3 35. g4 Rd2 36. Ke1 Nc2+ 37. Kf2 Bxe2 38. Qxg6+ Kf4 39. Qg5# 1-0

[Event "Let's Play Chess!"]
[Site "http://www.queenalice.com/game.php?id=888271"]
[Date "2011.1.20"]
[Round "-"]
[White "Alanzao"]
[Black "elche"]
[Result "0-1"]
[WhiteElo "1052"]
[BlackElo "1767"]

1. e4 c5 2. Bc4 Nc6 3. Qf3 Ne5 4. Qc3 d6 5. Bb5+ Bd7 6. Na3 Nf6 7. Nf3 Nxe4 8.
Qe3 Bxb5 9. Nxb5 a6 10. Na3 Nf6 11. O-O Nxf3+ 12. Qxf3 Rb8 13. d3 e6 14. Bg5 Be7
15. Rae1 O-O 16. Nc4 e5 17. Bh4 b5 18. Nd2 a5 19. b3 Qc7 20. a4 bxa4 21. Ra1
axb3 22. Nxb3 Ra8 23. Qh3 Nd5 24. f3 Ne3 25. Rfc1 Bxh4 26. Qxh4 a4 27. Nd2 Nf5
28. Qh3 Nd4 29. c3 Ne2+ 30. Kf1 Nxc1 31. Rxc1 a3 32. Ra1 Qa5 33. Ne4 Rfd8 34. d4
cxd4 35. cxd4 exd4 36. g4 d5 37. Ng5 h6 38. f4 hxg5 39. fxg5 Qc3 40. Qg2 Qxa1+
41. Ke2 Qb2+ 42. Kf1 Qxg2+ 43. Kxg2 a2 44. h4 a1=Q 45. h5 Qc3 46. h6 Ra2+ 47.
Kh1 Qa1# 0-1

[Event "Let's Play Chess!"]
[Site "http://www.queenalice.com/game.php?id=888576"]
[Date "2011.1.20"]
[Round "-"]
[White "Alanzao"]
[Black "Cidebur"]
[Result "1-0"]
[WhiteElo "1036"]
[BlackElo "1311"]

1. e4 e5 2. Qf3 Nf6 3. Bc4 c6 4. Ne2 d5 5. exd5 cxd5 6. Bb5+ Bd7 7. a4 a6 8. Bd3
Be7 9. O-O O-O 10. b4 e4 11. Qf4 exd3 12. cxd3 Nc6 13. Ba3 Bg4 14. f3 Be6 15.
Ra2 Bd6 16. Qh4 d4 17. g4 Nd5 18. g5 Bf5 19. a5 Bxd3 20. Qf2 Qxg5+ 21. Kh1 Rae8
22. Rg1 1-0

[Event "Vamos Jogar"]
[Site "http://www.queenalice.com/game.php?id=888943"]
[Date "2011.1.21"]
[Round "-"]
[White "Alanzao"]
[Black "arkadiusz42"]
[Result "0-1"]
[WhiteElo "1031"]
[BlackElo "1599"]

1. e4 d5 2. d3 e5 3. Qf3 Nf6 4. Nc3 Bg4 5. Qg3 Bd6 6. h3 Bh5 7. Qxg7 Rg8 8. Qxh7
Nxh7 9. exd5 Bc5 10. Bh6 Qf6 11. Be3 Bxe3 12. fxe3 Rg3 13. Nge2 Rxe3 14. g4 Qh4+
15. Kd2 Qf2 16. gxh5 Ng5 17. h4 Nf3+ 18. Kd1 Qe1# 0-1

[Event "Warlords, When kings become GODS"]
[Site "http://www.queenalice.com/game.php?id=900595"]
[Date "2011.2.16"]
[Round "-"]
[White "Alanzao"]
[Black "Lionthrone"]
[Result "0-1"]
[WhiteElo "1097"]
[BlackElo "1808"]

1. e4 e5 2. Qf3 Nc6 3. Bc4 Nf6 4. Nh3 Nd4 5. Qd3 d5 6. exd5 Bf5 7. Qg3 Nxc2+ 8.
Ke2 Nxa1 9. Nc3 Nc2 10. Kf1 Qd6 11. Ng5 Nd4 12. Qh4 h6 13. Nf3 Nxf3 14. gxf3 Qb4
15. d3 Bxd3+ 16. Kg2 Qxc4 17. Qg3 Bd6 18. Bd2 e4 19. fxe4 Bxg3 20. hxg3 Bxe4+
21. f3 Bxd5 22. b3 Qd3 23. Re1+ Kd7 24. Rd1 Qxf3+ 25. Kg1 Qg2# 0-1

[Event "oguh"]
[Site "http://www.queenalice.com/game.php?id=901683"]
[Date "2011.2.17"]
[Round "-"]
[White "Ricardoabreu"]
[Black "Alanzao"]
[Result "1-0"]
[WhiteElo "1100"]
[BlackElo "1036"]

1. e4 e5 2. Qf3 b5 3. Bxb5 Nh6 4. d3 Ba6 5. Bxa6 Nxa6 6. Bxh6 gxh6 7. Na3 Bb4+
8. c3 Ba5 9. Nc4 Bb6 10. Nxe5 O-O 11. Qg3+ Kh8 12. Qf4 d6 13. Nxf7+ Rxf7 14.
Qxf7 Nc5 15. O-O-O Qg5+ 16. Kb1 Qxg2 17. Ne2 a5 18. Rdg1 Qh3 19. Qg7# 1-0

[Event "Room of insanities."]
[Site "http://www.queenalice.com/game.php?id=904210"]
[Date "2011.2.23"]
[Round "-"]
[White "Alanzao"]
[Black "Phenomenusmiracularis"]
[Result "0-1"]
[WhiteElo "1076"]
[BlackElo "2012"]

1. e4 e5 2. Bc4 Nc6 3. Qf3 Nf6 4. b4 Nd4 5. Qd3 d5 6. Bxd5 Nxd5 7. exd5 Bf5 8.
Qc4 Nxc2+ 9. Kd1 Nxa1 10. Nf3 Qd6 11. Bb2 Nc2 12. Bxe5 Qxb4 13. Qxc7 Qxb1+ 14.
Ke2 Qb5+ 15. Kd1 Bd3 16. a4 Qb1# 0-1

[Event "Let's Play Chess!"]
[Site "http://www.queenalice.com/game.php?id=904240"]
[Date "2011.2.23"]
[Round "-"]
[White "artkrup"]
[Black "Alanzao"]
[Result "1-0"]
[WhiteElo "1584"]
[BlackElo "1101"]

1. e4 e5 2. Bc4 f6 3. Bxg8 Rxg8 4. Nf3 b5 5. O-O Bb7 6. b3 Bxe4 7. d3 Bd5 8.
Nfd2 f5 9. Re1 Qg5 10. Rxe5+ Be7 11. Rxd5 c6 12. Rd4 c5 13. Rd5 c4 14. Rxb5 Nc6
15. Nxc4 Qg6 16. Qe2 f4 17. Bxf4 h5 18. Bd6 Kd8 19. Bxe7+ Nxe7 20. Qf3 h4 21.
Qxa8+ Kc7 22. Qxa7+ Kc6 23. Qb6# 1-0

[Event "#Galo!"]
[Site "http://www.queenalice.com/game.php?id=912430"]
[Date "2011.3.15"]
[Round "-"]
[White "Leo_cx"]
[Black "Alanzao"]
[Result "1-0"]
[WhiteElo "1553"]
[BlackElo "1083"]

1. e3 e5 2. Qh5 Qf6 3. Nf3 d6 4. Bd3 Be6 5. Bxh7 Nh6 6. Be4 a5 7. Bxb7 Ra7 8.
Be4 Bc4 9. d3 g6 10. Qh4 Qe6 11. Ng5 Qf6 12. dxc4 Rb7 13. Bxb7 a4 14. a3 Nd7 15.
g3 c5 16. Nc3 Nb6 17. Bd5 Kd8 18. Nce4 Qf5 19. g4 Qc8 20. Bxf7 Nxg4 21. Qxh8 1-0

[Event "AUTO-BEG-472"]
[Site "http://www.queenalice.com/game.php?id=914826"]
[Date "2011.3.19"]
[Round "1"]
[White "Bunecov"]
[Black "Alanzao"]
[Result "1-0"]
[WhiteElo "1249"]
[BlackElo "1121"]

1. e4 e5 2. d3 Qf6 3. Nc3 Bc5 4. f3 Nh6 5. Nd5 Qd6 6. Bxh6 Qxh6 7. Nxc7+ Kd8 8.
Nxa8 Qe3+ 9. Ne2 Qg5 10. g3 h5 11. h4 Qh6 12. Bh3 Qe3 13. a3 Nc6 14. c3 b6 15.
b4 Bd6 16. Qd2 Qxf3 17. Rf1 Qf6 18. Rxf6 1-0

[Event "AUTO-BEG-472"]
[Site "http://www.queenalice.com/game.php?id=914827"]
[Date "2011.3.19"]
[Round "1"]
[White "Alanzao"]
[Black "Bunecov"]
[Result "1-0"]
[WhiteElo "1099"]
[BlackElo "1293"]

1. e4 e5 2. Qf3 Nc6 3. Bc4 Nh6 4. d3 Nd4 5. Qg3 Nxc2+ 6. Kd2 Nxa1 7. b4 Bxb4+ 8.
Kd1 g6 9. Qxe5+ Qe7 10. Qxh8+ Qf8 11. Qxh7 d6 12. Bxh6 Qe7 13. Bb5+ Kd8 14. Qg8+
1-0

[Event "AUTO-BEG-472"]
[Site "http://www.queenalice.com/game.php?id=914840"]
[Date "2011.3.19"]
[Round "1"]
[White "Newton"]
[Black "Alanzao"]
[Result "1-0"]
[WhiteElo "1343"]
[BlackElo "1117"]

1. e4 Nf6 2. e5 Ne4 3. d3 Ng5 4. Bxg5 c5 5. Nf3 h6 6. Be3 Na6 7. c3 g5 8. d4
cxd4 9. cxd4 Nb4 10. a3 Nd5 11. Bd2 e6 12. Bc4 Nb6 13. Bb3 Bg7 14. h3 1-0

[Event "AUTO-BEG-472"]
[Site "http://www.queenalice.com/game.php?id=914841"]
[Date "2011.3.19"]
[Round "1"]
[White "Alanzao"]
[Black "Newton"]
[Result "0-1"]
[WhiteElo "1123"]
[BlackElo "1363"]

1. e4 e5 2. Qf3 Nf6 3. Bc4 Nc6 4. d3 Nd4 5. Qd1 Bc5 6. Nh3 O-O 7. O-O d5 8. exd5
Bxh3 9. gxh3 Nxd5 10. Na3 c6 11. Qg4 Nf6 12. Qd1 b5 13. Bb3 Nxb3 0-1